00896nam a2200253 a 4500001001000000003000900010005001700019007000300036008004100039040002500080082002400105100002600129245010300155260005100258300004300309490002700352600004300379600002200422610005900444650004200503651003700545700003300582830002700615000006736DO-SdBNP20250923122509.0ta090902s1969 dr abc r 000 0 spa d aDO-SdBNPbspacBNPHU 4a972.9302bT266v2221 aTejera R., Ramón A.13aEl vuelo panamericano :bPro-Faro a Colón /cRamón A. Tejera R. ; prólogo Gustavo Benedicto. aSanto Domingo :bLibrería Dominicana,c1969. a144 p. :bil., mapas, retrs. ;c22 cm.1 aEdiciones históricas14aMiranda, Andrés Féliz, d1901-195414aTejeda, Ernesto, 24aFaro a Colón (Santo Domingo, República Dominicana) 0aAccidentes aéreos zCali (Colombia) 4aRepública DominicanaxHistoria12aBenedicto, Gustavo,epról. 0aEdiciones históricas